| 000 | 00780nam a2200253 a 4500 | ||
|---|---|---|---|
| 003 | CO-ViMGA | ||
| 005 | 20230915233126.0 | ||
| 008 | 120416s2010 ck gr 0001pdspa d | ||
| 020 | _a9789584468291 | ||
| 040 |
_aCO-ViMGA _bspa _cCO-ViMGA |
||
| 043 | _an-mx--- | ||
| 082 | 0 | 4 |
_aM861.6 _bL39h _219 |
| 100 | 1 |
_aLeyva, José Angel, _d1958- _92712 |
|
| 245 | 1 | 0 |
_aHabitantos : _bbreve antología personal / _cJosé Angel Leyva. |
| 260 |
_aBogotá : _bEl Zahir Editorial, _c2010. |
||
| 300 |
_a133 p. ; _c21 cm. |
||
| 490 | 0 | _aSerie tierra baldía | |
| 650 | 1 | 4 |
_aEternidad _v Poesías. _92714 |
| 650 | 1 | 4 |
_aPadres e hijos _v Poesías. _92716 |
| 650 | 1 | 4 |
_aPasión _v Poesías. _92715 |
| 650 | 1 | 4 |
_aPoesía mexicana. _92713 |
| 650 | 1 | 4 |
_aSueños _v Poesías. _9244 |
| 942 | _2ddc | ||
| 999 |
_c35341 _d35341 |
||